00300nam a22001217a 4500003000400000020001800004100002600022245003900048260003800087300001000125650002500135700001800160OSt a9788198019639 aTHAHIYA, Vivek Kumar  aIntroduction to Civil Engineering  aNew Delhi,bNaples Indian:c2024. a386p. aFaculty Publication  aBalraj Singh